| 000 | 01696 a2200205 4500 | ||
|---|---|---|---|
| 001 | 25138 | ||
| 005 | 20260407155534.0 | ||
| 008 | 260407a1971 arg spa d | ||
| 003 | AR-UNSa-BCEJYS | ||
| 040 |
_aAR-UNSa-BCEJYS _bspa _cAR-UNSa-BCEJYS |
||
| 080 |
_a519.21 _xTeoría de probabilidades y procesos estocásticos |
||
| 245 | 1 | 0 | _aTeoría estadística y aplicaciones |
| 250 | _a3a. ed | ||
| 264 | 1 |
_aBuenos Aires : _bKapelusz _c1971 |
|
| 300 |
_a448 p. _c23 cm. |
||
| 505 | _aParte I : Cálculo de probabilidades.distribuciones : 1. Introducción a la estadística - 2. Probabilidad - 3. Variable aleatoria - 4. Pruebas repetidas - 5. La función normal y otras distribuciones elementales - 6. Distribuciones para la inferencia exacta - 7. Complementos sobre teoremas límites - Parte II : Estadística descriptiva : 8. Capacitación y complicación de datos - 9. Representaciones gráficas - 10. Series de frecuencias - 11. Ajuste e importación - 12. Series de frecuencia : concentración - 13. Números índices - 14. Teoría de atributos cualitativos - 15. Distribuciones bivariantes y multivariantes - 16. Regresión y correlación - 17. Regresión y correlación múltiples - 18. Análisis de series cronológicas - 19. Series cronológicas(continuación) - 20. Nociones sobre procesos estocásticos y análisis espectral - Parte III : Inferencia estadística : 21. Introducción a la inferencia : Uso de la distribución normal - 22. Inferencia exacta.Tests de hipótesis - 23. Teoría de la estimación - 24. Métodos de estimación - 25. Aplicaciones de la teoría de las muestras. | ||
| 942 | _cBK | ||
| 590 | _aniveau_biblio:m niveau_hierar:0 | ||
| 100 | 1 | _aToranzos, Fausto I. | |
| 999 |
_c1289 _d1289 |
||